000 00557 a2200193 4500
005 20260402142621.0
008 260402b |||||||| |||| 00| 0 eng d
020 _a9781032535555
_cRs. 1295.00
040 _aMAIN
082 _a306.84095414
_bS23C
100 _aSharma, Ruchika
245 _aConcubinage, race and law in early colonial Bengal: Bequeathing intimacy, servicing the empire
260 _bRoutledge
_c2026
_aLondon
300 _axvi, 192
650 _aSociology
650 _aMarriage- India
650 _aSexual Relations
942 _cBK
999 _c394647
_d394647